BIBLIOTECA

SENCICO

Cómo comunicar / (Registro nro. 92)

Detalles MARC
000 -LEADER
fixed length control field 00672nam a2200229Ia 4500
003 - CONTROL NUMBER IDENTIFIER
control field PE SENCICO BE
005 - DATE AND TIME OF LATEST TRANSACTION
control field 20251020182425.0
008 - FIXED-LENGTH DATA ELEMENTS--GENERAL INFORMATION
fixed length control field 200515s9999 xx 000 0 und d
040 ## - CATALOGING SOURCE
Original cataloging agency PE SENCICO BE
Transcribing agency PE SENCICO BE
041 ## - LANGUAGE CODE
Language code of text/sound track or separate title spa
082 ## - DEWEY DECIMAL CLASSIFICATION NUMBER
Classification number 302.2
Item number C74
100 1# - MAIN ENTRY--PERSONAL NAME
Personal name Conquet, Andre
9 (RLIN) 2173
Relator term autor
245 10 - TITLE STATEMENT
Title Cómo comunicar /
Statement of responsibility, etc. Andre Conquet
250 ## - EDITION STATEMENT
Edition statement 2 ed.
260 ## - PUBLICATION, DISTRIBUTION, ETC.
Place of publication, distribution, etc. Madrid :
Name of publisher, distributor, etc. Iberico Europea de Ediciones ;
Date of publication, distribution, etc. 1972
300 ## - PHYSICAL DESCRIPTION
Extent 66 p :
Other physical details graf. ;
Dimensions 20 cm.
490 ## - SERIES STATEMENT
Series statement La Empresa Moderna
505 0# - FORMATTED CONTENTS NOTE
Formatted contents note Leer -- Ver -- Escuchar -- Escribir -- Hablar -- Discutir
650 10 - SUBJECT ADDED ENTRY--TOPICAL TERM
Topical term or geographic name entry element Comunicación
9 (RLIN) 2079
650 20 - SUBJECT ADDED ENTRY--TOPICAL TERM
Topical term or geographic name entry element Lectura
9 (RLIN) 2174
942 ## - ADDED ENTRY ELEMENTS (KOHA)
Koha item type Libros
Source of classification or shelving scheme Dewey Decimal Classification
Existencias
Fecha de la última vez que lo usaron Número de ingreso o de inventario Pago total Signatura topográfica completa Código de barras Precio efectivo desde Tipo de documento Estado perdido Sistema de clasificación Estado dañado No es para préstamo Retirado Ubicación permanente Ubicación actual Fecha de adquisición
15/05/2020 3234   302.2/C74 BibLima24050007 15/05/2020 Libros   Dewey Decimal Classification       Biblioteca Central Lima Biblioteca Central Lima 15/05/2020